000 00908nam a2200229Ii 4500
003 JO-AjNU
008 230605s9999||||xx |||||||||||||| ||und||
017 _a2012/7/2606
020 _a978-9957-07-992-5
040 _aJO-AjNU
_bara
_erda
_cJO-AjNU
041 _aara
050 1 4 _aLC4019 2013
100 3 _aطبال،سهى عبد الرحيم مترجمة/الخطيب،بسمة محمد مراجعة/Kitikos,Effie P مؤلف/,
_eauthor
_943065
245 0 0 _aأسس القياس في التربية الخاصة في الطفولة المبكرة=Foundation Of Assessment In Early Childhood Special Education
250 _aط1
264 3 1 _aعمان:دار الفكر،2013
300 _a350ص
336 _atext
_btxt
_2rdacontent
337 _aunmediated
_bn
_2rdamedia
338 _avolume
_bnc
_2rdacarrier
650 4 _aالتربية الخاصة-رعاية الطفولة-الأطفال
_943066
999 _aA18487
_c22055
_d22055